Bogowie greccy - Statystyki

Ogólne statystyki
  • Ten quiz został rozwiązany 64 razy
  • Średni wynik to 9 z 20
Statystyki odpowiedzi
Hint Odpowiedź % Poprawnych
Zeus niebiosa, bogowie
90%
Posejdon morze
80%
Atena strategia wojenna
68%
Ares wojna
66%
Afrodyta piękno, miłość
63%
Dionizos wino
56%
Hera małżeństwo
54%
Hefajstos kowalstwo
49%
Apollo muzyka, medycyna, słońce
46%
Demeter zborze
46%
Eros miłość
44%
Hades śmierć
44%
Gaja ziemia
39%
Artemida łowy, księżyc
37%
Hestia rodzina
37%
Persefona wiosna, śmierć
29%
Nike zwycięstwo
27%
Hekate magia
22%
Hermes podróżnicy, złodzieje
22%
Hebe młodość
17%
Nie znaleziono quizów pasujących do podanych kryteriów
Rozkład punktacji
Procent ludzi z każdym wynikiem
Percentyl według liczby udzielonych odpowiedzi
Twoja historia wyników
Nie rozwiązałeś tego quizu